Problems and Solutions of Electric Circuit Analysis (Record no. 6928)
[ view plain ]
| 000 -LEADER | |
|---|---|
| fixed length control field | 00518nam a22001937a 4500 |
| 003 - CONTROL NUMBER IDENTIFIER | |
| control field | OSt |
| 005 - DATE AND TIME OF LATEST TRANSACTION | |
| control field | 20210511153544.0 |
| 008 - FIXED-LENGTH DATA ELEMENTS--GENERAL INFORMATION | |
| fixed length control field | 210511b ||||| |||| 00| 0 eng d |
| 020 ## - INTERNATIONAL STANDARD BOOK NUMBER | |
| International Standard Book Number | 8123908563 |
| 040 ## - CATALOGING SOURCE | |
| Transcribing agency | DDC |
| 082 ## - DEWEY DECIMAL CLASSIFICATION NUMBER | |
| Classification number | 621.319 MEH 2020 |
| 100 ## - MAIN ENTRY--PERSONAL NAME | |
| Personal name | Mehta R.K |
| 9 (RLIN) | 14212 |
| 245 ## - TITLE STATEMENT | |
| Title | Problems and Solutions of Electric Circuit Analysis |
| 260 ## - PUBLICATION, DISTRIBUTION, ETC. (IMPRINT) | |
| Place of publication, distribution, etc. | New Delhi: |
| Name of publisher, distributor, etc. | CBS; |
| Date of publication, distribution, etc. | 2020 |
| 300 ## - PHYSICAL DESCRIPTION | |
| Extent | ix,534p.: |
| Other physical details | ill; |
| Dimensions | 26cm. |
| 504 ## - BIBLIOGRAPHY, ETC. NOTE | |
| Bibliography, etc | Includes index. |
| 650 ## - SUBJECT ADDED ENTRY--TOPICAL TERM | |
| Topical term or geographic name as entry element | Electric circuit analysis. |
| 9 (RLIN) | 14213 |
| 942 ## - ADDED ENTRY ELEMENTS (KOHA) | |
| Source of classification or shelving scheme | Dewey Decimal Classification |
| Koha item type | Book |
| Withdrawn status | Lost status | Source of classification or shelving scheme | Damaged status | Not for loan | Home library | Current library | Date acquired | Source of acquisition | Inventory number | Total Checkouts | Full call number | Barcode | Date last seen | Price effective from | Koha item type | Public note |
|---|---|---|---|---|---|---|---|---|---|---|---|---|---|---|---|---|
| Dewey Decimal Classification | Main Kihumuro Campus | Main Kihumuro Campus | 11/05/2021 | Purchase | 21/41439 | 621.319 MEH 2020 | 2021-0511 | 11/05/2021 | 11/05/2021 | Book | Material in Hard copy | |||||
| Dewey Decimal Classification | Main Kihumuro Campus | Main Kihumuro Campus | 11/05/2021 | Purchase | 21/41438 | 621.319 MEH 2020 | 2021-0512 | 11/05/2021 | 11/05/2021 | Book | Material in Hard copy |
